Prontuario etimológico della lingua italiana

Enregistré dans:
Détails bibliographiques
Auteurs principaux: Migliorini, Bruno (autor), Duro, Aldo (Auteur)
Format: Livre
Langue:italien
Publié: Turín G. B. Paravia 1949
Sujets:
Tags: Ajouter un tag
Pas de tags, Soyez le premier à ajouter un tag!

MARC

LEADER 00000nam a2200000 a 4500
001 UCT3076
003 CL-VaPUC
008 961018e19490000IT |||||||||||||||||ita|d
082 0 4 |a 452  |b MIG  |2 21 
100 |a Migliorini, Bruno  |e autor  |9 461531 
700 0 |a Duro, Aldo  |e author  |9 372062 
245 1 0 |a Prontuario etimológico della lingua italiana 
300 |a 628 p 
942 |c BK 
945 |d 19961018 00:00:00  |a cmena 
260 |a Turín  |b G. B. Paravia  |c 1949 
650 7 |a LENGUAS ROMANCES  |2 CL-VaPUC  |9 346632 
650 0 |a Diccionarios  |9 256200 
650 0 |a Glosarios  |9 261047 
650 0 |a Etimología  |9 337976 
650 0 |a Italiano  |9 344614 
583 |a last modification  |c 19961018 00:00:00  |k Rodrigo Vera 
999 |c 252898  |d 252896